<?xml version="1.0" encoding="UTF-8"?>
<record
    xmlns:xsi="http://www.w3.org/2001/XMLSchema-instance"
    xsi:schemaLocation="http://www.loc.gov/MARC21/slim http://www.loc.gov/standards/marcxml/schema/MARC21slim.xsd"
    xmlns="http://www.loc.gov/MARC21/slim">

  <leader>02219nam a2200301 a 4500</leader>
  <controlfield tag="001">000039188</controlfield>
  <controlfield tag="003">DO-SdBNP</controlfield>
  <controlfield tag="005">20250117084036.0</controlfield>
  <controlfield tag="007">ta</controlfield>
  <controlfield tag="008">250117s2024    pr            000 j spa d</controlfield>
  <datafield tag="020" ind1=" " ind2=" ">
    <subfield code="a">9789945188639</subfield>
  </datafield>
  <datafield tag="040" ind1=" " ind2=" ">
    <subfield code="a">DO-SdBNP</subfield>
    <subfield code="b">spa</subfield>
    <subfield code="c">BNPHU</subfield>
    <subfield code="e">rda</subfield>
  </datafield>
  <datafield tag="041" ind1=" " ind2=" ">
    <subfield code="h">spa</subfield>
  </datafield>
  <datafield tag="082" ind1=" " ind2=" ">
    <subfield code="a">RD861.44</subfield>
    <subfield code="b">M938e</subfield>
    <subfield code="2">22</subfield>
  </datafield>
  <datafield tag="100" ind1=" " ind2=" ">
    <subfield code="a">Moya, Pastor de,</subfield>
    <subfield code="d">1965-</subfield>
    <subfield code="e">autor</subfield>
    <subfield code="9">10813</subfield>
  </datafield>
  <datafield tag="245" ind1="1" ind2="0">
    <subfield code="a">La escritura del ojo /</subfield>
    <subfield code="c">Pastor de Moya</subfield>
  </datafield>
  <datafield tag="264" ind1=" " ind2=" ">
    <subfield code="a">Santo Domingo :</subfield>
    <subfield code="b">Amigo del Hogar,</subfield>
    <subfield code="c">2024</subfield>
  </datafield>
  <datafield tag="300" ind1=" " ind2=" ">
    <subfield code="a">207 p&#xE1;ginas : </subfield>
    <subfield code="b">Ilustraciones ;</subfield>
    <subfield code="c">24 cm.</subfield>
  </datafield>
  <datafield tag="336" ind1=" " ind2=" ">
    <subfield code="a">rdacontent</subfield>
    <subfield code="b">texto</subfield>
    <subfield code="2">txt</subfield>
  </datafield>
  <datafield tag="337" ind1=" " ind2=" ">
    <subfield code="a">rdamedia</subfield>
    <subfield code="b">sin mediaci&#xF3;n</subfield>
    <subfield code="2">n</subfield>
  </datafield>
  <datafield tag="338" ind1=" " ind2=" ">
    <subfield code="a">rdacarrier</subfield>
    <subfield code="b">volumen</subfield>
    <subfield code="2">nc</subfield>
  </datafield>
  <datafield tag="505" ind1=" " ind2=" ">
    <subfield code="a">Entrada de deditos hervidos en sangre de cayena 12 -- El escapulario de Pastor y el ego&#xED;smo de poseerlo 16 -- El pez cero 18 -- Ver y sentir a Pastor De Moya comi&#xE9;ndose las manos 22 -- Obscena presencia de Marx 32 -- Una muestra del infierno 36 -- Perros [o la virtud del pez masturbador] 42 -- La silla 46 -- El velorio y entierro del puerco [pantalla del recuerdo / 3. dimensi&#xF3;n] 52 -- La musara&#xF1;a [Investigaci&#xF3;n cient&#xED;fica- especulativa sobre la baba] 56 -- Po&#xE9;tica de la locura: los "trances dilatados" de Pastor De Moya 70 -- Las preferencias engendran tiernos monstruos 90 -- Pastor De Moya: "musa, t&#xE1;tara musa..." 94 -- Trance dilatado del Buffet para can&#xED;bales 100 -- Trance dilatado 110 -- Mientras el buf&#xE9; se prepara 114 -- El jard&#xED;n de los enanos 118 -- La et&#xE9;rea sangre de las plumas 122 -- Respiraci&#xF3;n y velocidad en la obra de arte 128 -- La caja libro 132 -- De libros y funerales [cr&#xF3;nica rosa de las fiestas tristes] 138 -- Gestualidad y trasgresi&#xF3;n 142 -- Los diez mandamientos del artista en trance 148 -- Malaventuranzas seg&#xFA;n Pastor 152 -- Se huye del amor al sue&#xF1;o 158 -- Pastor De Moya &#xA1;Disrupci&#xF3;n &amp; Provocaci&#xF3;n! 164 -- Ep&#xED;logo: Pastor De Moya: El yo serpentino y la escritura del c&#xED;rculo 170 -- Pastor De Moya: biograf&#xED;a selecta 192 -- De los cr&#xED;ticos 200 -- De los textos 202 -- Otros estudios sobre la obra de Pastor De Moya 204</subfield>
  </datafield>
  <datafield tag="590" ind1=" " ind2=" ">
    <subfield code="a">Inventariado, 2025/DG</subfield>
  </datafield>
  <datafield tag="650" ind1=" " ind2="4">
    <subfield code="a">Poes&#xED;a dominicana</subfield>
  </datafield>
  <datafield tag="650" ind1=" " ind2="4">
    <subfield code="a">Literatura dominicana</subfield>
  </datafield>
  <datafield tag="910" ind1=" " ind2=" ">
    <subfield code="a">DG</subfield>
  </datafield>
  <datafield tag="942" ind1=" " ind2=" ">
    <subfield code="2">ddc</subfield>
    <subfield code="c">LBS1</subfield>
  </datafield>
  <datafield tag="952" ind1=" " ind2=" ">
    <subfield code="0">0</subfield>
    <subfield code="1">0</subfield>
    <subfield code="2">ddc</subfield>
    <subfield code="5">1</subfield>
    <subfield code="7">0</subfield>
    <subfield code="8">PD</subfield>
    <subfield code="a">BNPHU</subfield>
    <subfield code="b">BNPHU</subfield>
    <subfield code="c">CT</subfield>
    <subfield code="d">2025-01-17</subfield>
    <subfield code="e">deposito legal</subfield>
    <subfield code="l">0</subfield>
    <subfield code="o">BNPHU PD RD861.44 M938e</subfield>
    <subfield code="p">2025-0180</subfield>
    <subfield code="r">2025-01-17</subfield>
    <subfield code="w">2025-01-17</subfield>
    <subfield code="y">LBS1</subfield>
  </datafield>
  <datafield tag="952" ind1=" " ind2=" ">
    <subfield code="0">0</subfield>
    <subfield code="1">0</subfield>
    <subfield code="2">ddc</subfield>
    <subfield code="5">1</subfield>
    <subfield code="7">0</subfield>
    <subfield code="8">PD</subfield>
    <subfield code="a">BNPHU</subfield>
    <subfield code="b">BNPHU</subfield>
    <subfield code="c">CT</subfield>
    <subfield code="d">2025-01-17</subfield>
    <subfield code="e">deposito legal</subfield>
    <subfield code="l">0</subfield>
    <subfield code="o">BNPHU PD RD861.44 M938e</subfield>
    <subfield code="p">2025-0181</subfield>
    <subfield code="r">2025-01-17</subfield>
    <subfield code="t">e.2</subfield>
    <subfield code="w">2025-01-17</subfield>
    <subfield code="y">LBS1</subfield>
  </datafield>
  <datafield tag="952" ind1=" " ind2=" ">
    <subfield code="0">0</subfield>
    <subfield code="1">0</subfield>
    <subfield code="2">ddc</subfield>
    <subfield code="5">6</subfield>
    <subfield code="7">0</subfield>
    <subfield code="8">DS</subfield>
    <subfield code="a">BNPHU</subfield>
    <subfield code="b">BNPHU</subfield>
    <subfield code="c">CT</subfield>
    <subfield code="d">2025-01-17</subfield>
    <subfield code="e">deposito legal</subfield>
    <subfield code="l">0</subfield>
    <subfield code="o">BNPHU DS RD861.44 M938e</subfield>
    <subfield code="p">2025-0182</subfield>
    <subfield code="r">2025-01-17</subfield>
    <subfield code="t">e.3</subfield>
    <subfield code="w">2025-01-17</subfield>
    <subfield code="y">LBS1</subfield>
  </datafield>
  <datafield tag="999" ind1=" " ind2=" ">
    <subfield code="c">58070</subfield>
    <subfield code="d">58070</subfield>
  </datafield>
</record>
